[Event "Caracas Bandes Cup 1st"]
[Site "Caracas"]
[Date "2014.03.02"]
[Round "4"]
[White "Palomo, Franklin Annervys"]
[Black "Tenreyro Mauri, Luis Enrique"]
[Result "1/2-1/2"]
[WhiteElo "2233"]
[BlackElo "2104"]
[PlyCount "78"]
[EventDate "2014.03.01"]
[EventType "swiss"]
[EventRounds "7"]
[EventCountry "VEN"]
[SourceTitle "EXT 2018"]
[Source "ChessBase"]
[SourceDate "2017.10.13"]
[SourceVersion "1"]
[SourceVersionDate "2017.10.13"]
[SourceQuality "1"]

1. d4 Nf6 2. c4 d6 3. Nf3 Nbd7 4. Bf4 c6 5. Nc3 Qc7 6. h3 e5 7. Bh2 Be7 8. e3 0-0 9. Qc2 b6 10. Bd3 g6 11. 0-0 Ne8 12. e4 Bf6 13. d5 c5 14. g4 Qd8 15. Nd1 a6 16. Bg3 Nc7 17. a4 a5 18. Qd2 Na6 19. Ne3 Nb4 20. b3 Nxd3 21. Qxd3 Re8 22. Kg2 Nf8 23. h4 Bg7 24. Rae1 Ra7 25. Rh1 f6 26. Nd2 Bh6 27. f3 Rf7 28. h5 Bf4 29. Bf2 g5 30. Nf5 Bxf5 31. exf5 Bxd2 32. Qxd2 h6 33. Re4 Rfe7 34. Rhe1 Nd7 35. Be3 Rg7 36. Qe2 Rf8 37. Kh3 Kh7 38. Qd2 Rgf7 39. Re2 Rg7 1/2-1/2

[Event "Caracas Bandes Cup 1st"]
[Site "Caracas"]
[Date "2014.03.01"]
[Round "2"]
[White "Ramirez Marino, Richard Daniel"]
[Black "Tenreyro Mauri, Luis Enrique"]
[Result "1/2-1/2"]
[WhiteElo "2031"]
[BlackElo "2104"]
[PlyCount "40"]
[EventDate "2014.03.01"]
[EventType "swiss"]
[EventRounds "7"]
[EventCountry "VEN"]
[SourceTitle "EXT 2018"]
[Source "ChessBase"]
[SourceDate "2017.10.13"]
[SourceVersion "1"]
[SourceVersionDate "2017.10.13"]
[SourceQuality "1"]

1. e4 c5 2. Nf3 e6 3. d4 cxd4 4. Nxd4 a6 5. Bd3 Nc6 6. Nxc6 bxc6 7. 0-0 d6 8. Nc3 Nf6 9. e5 dxe5 10. Ne4 Be7 11. Nxf6+ Bxf6 12. Be4 Qxd1 13. Rxd1 Bb7 14. Be3 Rd8 15. Rxd8+ Kxd8 16. Rd1+ Kc7 17. Kf1 Rd8 18. Rxd8 Kxd8 19. Bxh7 e4 20. Bxe4 Bxb2 1/2-1/2

[Event "Caracas Bandes Cup 1st"]
[Site "Caracas"]
[Date "2014.03.01"]
[Round "1"]
[White "Tenreyro Mauri, Luis Enrique"]
[Black "Palencia Morales, Wilson Guillermo"]
[Result "0-1"]
[WhiteElo "2104"]
[BlackElo "2320"]
[PlyCount "90"]
[EventDate "2014.03.01"]
[EventType "swiss"]
[EventRounds "7"]
[EventCountry "VEN"]
[SourceTitle "EXT 2018"]
[Source "ChessBase"]
[SourceDate "2017.10.13"]
[SourceVersion "1"]
[SourceVersionDate "2017.10.13"]
[SourceQuality "1"]

1. Nf3 Nc6 2. e4 e5 3. Bb5 d6 4. d4 exd4 5. Qxd4 Bd7 6. Bxc6 Bxc6 7. Nc3 Qf6 8. Qc4 Qe6 9. Qxe6+ fxe6 10. Nd4 Bd7 11. Ndb5 Kd8 12. Be3 a6 13. Nd4 Ne7 14. f4 Nc6 15. Nxc6+ Bxc6 16. 0-0 Be7 17. Bd4 Rg8 18. a4 Kd7 19. f5 Raf8 20. fxe6+ Kxe6 21. Rxf8 Bxf8 22. b4 Be8 23. b5 c5 24. Bf2 g5 25. Nd5 Bg6 26. c4 Bg7 27. Re1 Be5 28. Nc7+ Kd7 29. Nd5 Rf8 30. Nb6+ Ke6 31. g3 Rf3 32. bxa6 bxa6 33. Nd5 Ra3 34. Nc7+ Kd7 35. Nd5 Ra1 36. Rxa1 Bxa1 37. Kf1 Bxe4 38. Ke2 Be5 39. Ne3 Ke6 40. Be1 Bc6 41. a5 h5 42. Bd2 g4 43. Be1 Bd4 44. Bd2 Ke5 45. Bc1 Ke4 0-1

[Event "Cienfuegos Rodriguez Memorial"]
[Site "Cienfuegos"]
[Date "2010.11.07"]
[Round "10"]
[White "Tenreyro Mauri, Luis Enrique"]
[Black "Marrero Fernandez, Ahmed"]
[Result "1/2-1/2"]
[WhiteElo "2209"]
[BlackElo "2115"]
[PlyCount "21"]
[EventDate "2010.11.02"]
[EventType "tourn"]
[EventRounds "10"]
[EventCountry "CUB"]
[SourceTitle "EXT 2024"]
[Source "ChessBase"]
[SourceDate "2023.10.10"]
[SourceVersion "1"]
[SourceVersionDate "2023.10.10"]
[SourceQuality "1"]

1. e4 e5 2. Nf3 Nc6 3. Bb5 a6 4. Bxc6 dxc6 5. d4 exd4 6. Qxd4 Qxd4 7. Nxd4 Bd7 8. Ne2 0-0-0 9. Nbc3 Nf6 10. Be3 Bd6 11. 0-0-0 1/2-1/2

[Event "Cienfuegos Rodriguez Memorial"]
[Site "Cienfuegos"]
[Date "2010.11.06"]
[Round "9"]
[White "Gongora Reyes, Liuber"]
[Black "Tenreyro Mauri, Luis Enrique"]
[Result "1/2-1/2"]
[WhiteElo "2288"]
[BlackElo "2209"]
[PlyCount "85"]
[EventDate "2010.11.02"]
[EventType "tourn"]
[EventRounds "10"]
[EventCountry "CUB"]
[SourceTitle "EXT 2024"]
[Source "ChessBase"]
[SourceDate "2023.10.10"]
[SourceVersion "1"]
[SourceVersionDate "2023.10.10"]
[SourceQuality "1"]

1. e4 e6 2. d4 d5 3. Nc3 Bb4 4. e5 c5 5. a3 Bxc3+ 6. bxc3 Nc6 7. Qg4 g6 8. a4 Qa5 9. Bd2 c4 10. h4 h5 11. Qf4 Bd7 12. Nh3 Nce7 13. Ng5 Nf5 14. f3 Qc7 15. g4 Nfh6 16. Bh3 f6 17. gxh5 fxg5 18. hxg5 Nf5 19. Bxf5 exf5 20. e6 Qxf4 21. exd7+ Kxd7 22. Bxf4 Rxh5 23. Rxh5 gxh5 24. Kf2 Ne7 25. Rb1 b6 26. a5 Ng6 27. Bh2 Kc6 28. Re1 Kd7 29. Ra1 Kc6 30. axb6 Kxb6 31. Bd6 a5 32. Bc5+ Kc6 33. Rb1 Ra6 34. Rb8 a4 35. Ba3 Kd7 36. Rb7+ Ke8 37. Rb5 Nf4 38. Rb8+ Kf7 39. Rf8+ Kg6 40. Rg8+ Kf7 41. Rf8+ Kg6 42. Rg8+ Kf7 43. Rf8+ 1/2-1/2

[Event "Cienfuegos Rodriguez Memorial"]
[Site "Cienfuegos"]
[Date "2010.11.04"]
[Round "6"]
[White "Tenreyro Mauri, Luis Enrique"]
[Black "Olivares Canelles, Francisco"]
[Result "0-1"]
[WhiteElo "2209"]
[BlackElo "2283"]
[PlyCount "162"]
[EventDate "2010.11.02"]
[EventType "tourn"]
[EventRounds "10"]
[EventCountry "CUB"]
[SourceTitle "EXT 2024"]
[Source "ChessBase"]
[SourceDate "2023.10.10"]
[SourceVersion "1"]
[SourceVersionDate "2023.10.10"]
[SourceQuality "1"]

1. e4 g6 2. d4 Bg7 3. Nc3 d6 4. Nf3 c6 5. a4 d5 6. h3 Nh6 7. exd5 cxd5 8. Bb5+ Bd7 9. Bxd7+ Qxd7 10. Ne5 Qe6 11. 0-0 Nf5 12. Re1 Nc6 13. Nb5 Qc8 14. g4 a6 15. Nc3 Nfxd4 16. Nxc6 bxc6 17. Bh6 Bxh6 18. Qxd4 0-0 19. Rxe7 Rb8 20. b3 a5 21. Rae1 Rb4 22. Qd3 Bg5 23. R7e2 Bf4 24. Na2 Rb8 25. Qf3 Bd6 26. Nc1 Qd8 27. Nd3 Bc7 28. Ne5 Qd6 29. Qg2 Rb4 30. Nd3 Rd4 31. Re3 c5 32. Ne5 Rd2 33. R3e2 Rxe2 34. Rxe2 Re8 35. f4 f6 36. Nd3 Rxe2 37. Qxe2 c4 38. bxc4 dxc4 39. Nf2 c3 40. Nd3 Qd4+ 41. Kf1 Bxf4 42. Qe8+ Kg7 43. Qe7+ Kh6 44. Qf8+ Kg5 45. Qc5+ Qxc5 46. Nxc5 Kh4 47. Kg2 f5 48. gxf5 gxf5 49. Nb3 Bc7 50. Nd4 f4 51. Nf3+ Kh5 52. Nd4 Bb6 53. Nf3 Kg6 54. Kf1 Kf5 55. Ke2 Ke4 56. Ng5+ Kd4 57. Ne6+ Ke5 58. Ng5 h6 59. Nf3+ Ke4 60. Ne1 Bc7 61. Nf3 Bd6 62. Ne1 h5 63. Nf3 Be7 64. Ne1 Bh4 65. Nf3 Bf6 66. Ne1 f3+ 67. Nxf3 Kf4 68. Kf2 h4 69. Ne1 Bd4+ 70. Ke2 Kg3 71. Nf3 Bf6 72. Ne1 Kxh3 73. Kf3 Kh2 74. Nd3 Kg1 75. Nf2 Bd4 76. Nh3+ Kf1 77. Nf4 Be5 78. Nh3 Ke1 79. Ke3 Bg7 80. Kd3 Bh6 81. Kxc3 Kf1 0-1

[Event "Cienfuegos Rodriguez Memorial"]
[Site "Cienfuegos"]
[Date "2010.11.02"]
[Round "3"]
[White "Ragolta Franco, Eduardo"]
[Black "Tenreyro Mauri, Luis Enrique"]
[Result "0-1"]
[WhiteElo "2194"]
[BlackElo "2209"]
[PlyCount "156"]
[EventDate "2010.11.02"]
[EventType "tourn"]
[EventRounds "10"]
[EventCountry "CUB"]
[SourceTitle "EXT 2024"]
[Source "ChessBase"]
[SourceDate "2023.10.10"]
[SourceVersion "1"]
[SourceVersionDate "2023.10.10"]
[SourceQuality "1"]

1. d4 Nf6 2. c4 d6 3. Nc3 Nbd7 4. e4 e5 5. Nf3 Be7 6. Be2 0-0 7. 0-0 Re8 8. d5 Nc5 9. Qc2 a5 10. b3 h6 11. a3 Bg4 12. Rb1 Bh5 13. Ne1 Bg6 14. f3 Nfd7 15. b4 axb4 16. axb4 Na6 17. Be3 Bg5 18. Bf2 Rf8 19. Bd3 Qe7 20. g3 Rfc8 21. Ng2 Qd8 22. c5 Be7 23. c6 bxc6 24. dxc6 Nf6 25. Ne3 Bh5 26. g4 Bg6 27. Qe2 Nb8 28. b5 Nh7 29. Ncd5 Bh4 30. Ra1 Bxf2+ 31. Qxf2 Rxa1 32. Rxa1 Ng5 33. Qg2 Ne6 34. Nf5 Bxf5 35. gxf5 Nf4 36. Nxf4 exf4 37. Bc4 Qf6 38. Rd1 Qc3 39. Qe2 Re8 40. Qd3 Qf6 41. Kh1 Kf8 42. Qd4 Qxd4 43. Rxd4 Ke7 44. Bd5 g5 45. Ra4 Kf6 46. Ra7 Rc8 47. Kg2 h5 48. h3 Nxc6 49. Bxc6 Ke5 50. Ra8 Rxa8 51. Bxa8 Kd4 52. Bc6 f6 53. Be8 h4 54. Kf2 Kd3 55. Ke1 Ke3 56. Bh5 Kd3 57. Kd1 Kc4 58. Kc2 Kxb5 59. Kc3 Kc5 60. Bf7 Kb5 61. Bc4+ Kc5 62. Kd3 Kb4 63. Kd4 c6 64. Bf7 Kb5 65. Be8 Kb6 66. Kc4 Kc7 67. e5 dxe5 68. Kc5 e4 69. Bxc6 e3 70. Bb5 g4 71. fxg4 f3 72. Kd5 e2 73. Bxe2 fxe2 74. Ke6 e1Q+ 75. Kxf6 Kd6 76. Kg6 Qe8+ 77. Kg5 Qe7+ 78. f6 Qh7 0-1

[Event "Cienfuegos Rodriguez Memorial"]
[Site "Cienfuegos"]
[Date "2010.11.02"]
[Round "4"]
[White "Tenreyro Mauri, Luis Enrique"]
[Black "Gongora Reyes, Liuber"]
[Result "1/2-1/2"]
[WhiteElo "2209"]
[BlackElo "2288"]
[PlyCount "103"]
[EventDate "2010.11.02"]
[EventType "tourn"]
[EventRounds "10"]
[EventCountry "CUB"]
[SourceTitle "EXT 2024"]
[Source "ChessBase"]
[SourceDate "2023.10.10"]
[SourceVersion "1"]
[SourceVersionDate "2023.10.10"]
[SourceQuality "1"]

1. e4 c5 2. Nf3 Nc6 3. Bb5 e6 4. Bxc6 bxc6 5. b3 Ne7 6. Ba3 Ng6 7. d4 d5 8. exd5 cxd5 9. 0-0 Qb6 10. Re1 Be7 11. Nc3 cxd4 12. Na4 Qc7 13. Bxe7 Nxe7 14. Qxd4 0-0 15. Qc5 Qd8 16. Rad1 Bd7 17. Nb2 a5 18. c4 Bc6 19. Nd4 Rc8 20. Nxc6 Rxc6 21. Qa7 Qc7 22. Qxc7 Rxc7 23. g3 g5 24. Re5 h6 25. cxd5 Nxd5 26. Nc4 a4 27. Kg2 Rb8 28. Rd3 Nb4 29. Rd2 Nxa2 30. Rxa2 axb3 31. Ra4 b2 32. Nxb2 Rxb2 33. Re3 Kg7 34. h4 Kg6 35. hxg5 hxg5 36. g4 Rcc2 37. Rf3 Rc1 38. Raa3 Rb4 39. Rg3 Rcc4 40. Kh3 Rf4 41. Raf3 e5 42. Rxf4 gxf4 43. Rc3 e4 44. Rc5 Rb2 45. Rc4 Re2 46. Rb4 Kf6 47. Rb6+ Ke5 48. Rb5+ Kd4 49. Rb4+ Ke5 50. Rb5+ Kf6 51. Rf5+ Kg6 52. Rxf4 1/2-1/2